Gaming Quiz

Random Gaming or Minefield Quiz

Pokemon Weaknesses 'Minefield' 2 Quiz Stats

 Plays Quiz not verified by Sporcle

Challenge
Share
Tweet
Embed
Score 0/20 Timer 04:00
0 Plays Today
Pokemon Weaknesses % Correct
Charizard???
98.8%
Diglett???
91.8%
Haunter???
84.7%
Kabutops???
73.3%
Unown???
66.8%
Mantine???
63%
Houndour???
62.8%
Kingdra???
48.9%
Taillow???
48.7%
Cascoon???
48.6%
Pokemon Weaknesses % Correct
Shedinja???
46.9%
Empoleon???
32.4%
Cherrim???
31.9%
Cradily???
31.4%
Glaceon???
26.9%
Krookodile???
26%
Riolu???
25.8%
Garbodor???
23.5%
Joltik???
19.1%
Mandibuzz???
17.4%

You're not logged in!

Compare scores with friends on all Sporcle quizzes.
OR
Log In

You Might Also Like...

Show Comments

Extras

Top Quizzes Today


Score Distribution

Your Account Isn't Verified!

In order to create a playlist on Sporcle, you need to verify the email address you used during registration. Go to your Sporcle Settings to finish the process.

Report this User

Report this user for behavior that violates our Community Guidelines.

Details: